000 00679cab a2200217 4500
001 WB3335-34
008 090401t1997 xxu||||| |||| 00| 0 eng d
035 _a(Sirsi) u80838
041 _aeng
245 4 _aThe client is right
260 _c1997
350 _a0
490 _aHerald
_v`Commercial Property` 11 September 1997, 11(1)
520 _aJoint agents who marketed their building by offering short-term leases and fixed service charges have had no difficulty filling the premises.
650 _aCITY CENTRE
650 _aSERVICE CHARGES
650 _aSHORT-TERM LEASES
690 _aLANDLORD AND TENANT-BUSINESS TENANCIES
942 _n0
948 _c12/09/1997
999 _c50915
_d50915